书目信息 |
| 题名: |
花开讲坛
|
|
| 作者: | 杨天成 著 | |
| 分册: | ||
| 出版信息: | 南京 南京大学出版社 2016 |
|
| 页数: | 319页, [2] 叶图版 | |
| 开本: | 23cm | |
| 丛书名: | ||
| 单 册: | ||
| 中图分类: | G633.302 , G633.3 | |
| 科图分类: | ||
| 主题词: | 中学语文课--教学研究 | |
| 电子资源: | ||
| ISBN: | 978-7-305-18182-5 | |
| 000 | 00969nam0 2200229 450 | |
| 001 | 2334106955 | |
| 005 | 20231203092854.45 | |
| 010 | @a978-7-305-18182-5@dCNY58.00 | |
| 100 | @a20170905d2016 em y0chiy50 ea | |
| 101 | 0 | @achi |
| 102 | @aCN@b320000 | |
| 105 | @aacf z 000yy | |
| 200 | 1 | @a花开讲坛@Ahua kai jiang tan@f杨天成著 |
| 210 | @a南京@c南京大学出版社@d2016 | |
| 215 | @a319页, [2] 叶图版@c图, 肖像@d23cm | |
| 330 | @a本书汇集作者四十余年从教而立命于讲坛的历练成果, 其中大多以讲座形式呈现了教育教学之正能量认知和实践性作为, 从不同层面不同视角, 向不同类别不同方阵, 传送了价值与分享的个人职业精神财富。书中充分体现了作者作为语文教师传道授业解惑的“苦并快乐着”的个中滋味, 更突出了注重理论与实践相结合、教育与教学相结合和阅读与写作教学相结合的研究及显著的研究成果。 | |
| 606 | 0 | @a中学语文课@x教学研究 |
| 690 | @aG633.302@v5 | |
| 690 | @aG633.3@v4 | |
| 701 | 0 | @a杨天成@Ayang tian cheng@4著 |
| 801 | 0 | @aCN@b湖北三新@c20170905 |
| 905 | @aZUCC@dG633.3@e310 | |
| 花开讲坛/杨天成著.-南京:南京大学出版社,2016 |
| 319页, [2] 叶图版:图, 肖像;23cm |
| ISBN 978-7-305-18182-5:CNY58.00 |
| 本书汇集作者四十余年从教而立命于讲坛的历练成果, 其中大多以讲座形式呈现了教育教学之正能量认知和实践性作为, 从不同层面不同视角, 向不同类别不同方阵, 传送了价值与分享的个人职业精神财富。书中充分体现了作者作为语文教师传道授业解惑的“苦并快乐着”的个中滋味, 更突出了注重理论与实践相结合、教育与教学相结合和阅读与写作教学相结合的研究及显著的研究成果。 |
| ● |
| 相关链接 |
|
|
|
正题名:花开讲坛
索取号:G633.3/310
 
预约/预借
| 序号 | 登录号 | 条形码 | 馆藏地/架位号 | 状态 | 备注 |
| 1 | 2001291060 | 2001291060 | 320书库/ [索取号:G633.3/310] | 在馆 | |
| 2 | 2001291061 | 2001291061 | 320书库/ [索取号:G633.3/310] | 在馆 | |
| 3 | 2001291062 | 2001291062 | 320书库/ [索取号:G633.3/310] | 在馆 | |
| 4 | 2001291063 | 2001291063 | 320书库/ [索取号:G633.3/310] | 在馆 | |
| 5 | 2001291064 | 2001291064 | 320书库/ [索取号:G633.3/310] | 在馆 | |
| 6 | 2001291065 | 2001291065 | 320书库/ [索取号:G633.3/310] | 在馆 | |
| 7 | 2001291066 | 2001291066 | 320书库/ [索取号:G633.3/310] | 在馆 | |
| 8 | 2001291067 | 2001291067 | 320书库/ [索取号:G633.3/310] | 在馆 | |
| 9 | 2001291068 | 2001291068 | 320书库/ [索取号:G633.3/310] | 在馆 | |
| 10 | 2001291069 | 2001291069 | 320书库/ [索取号:G633.3/310] | 在馆 | |
| 11 | 2001291070 | 2001291070 | 320书库/ [索取号:G633.3/310] | 在馆 | |
| 12 | 2001291071 | 2001291071 | 320书库/ [索取号:G633.3/310] | 在馆 | |
| 13 | 2001291072 | 2001291072 | 320书库/ [索取号:G633.3/310] | 在馆 | |
| 14 | 2001291073 | 2001291073 | 320书库/ [索取号:G633.3/310] | 在馆 | |
| 15 | 2001291074 | 2001291074 | 320书库/ [索取号:G633.3/310] | 在馆 | |
| 16 | 2001291075 | 2001291075 | 320书库/ [索取号:G633.3/310] | 在馆 | |
| 17 | 2001291076 | 2001291076 | 320书库/ [索取号:G633.3/310] | 在馆 | |
| 18 | 2001291077 | 2001291077 | 320书库/ [索取号:G633.3/310] | 在馆 | |
| 19 | 2001291078 | 2001291078 | 320书库/ [索取号:G633.3/310] | 在馆 | |
| 20 | 2001291079 | 2001291079 | 320书库/ [索取号:G633.3/310] | 在馆 |